| 000 | 00760nam a22001937a 4500 | ||
|---|---|---|---|
| 005 | 20100821112026.0 | ||
| 010 | _aENG-101147 | ||
| 020 | _c165.00 | ||
| 035 | _aEN-84680 | ||
| 037 | _bDBAD/PUB | ||
| 082 | _a336.54 | ||
| 100 |
_aVipan B. Kumar _917870 |
||
| 245 |
_aHuman rights Indian Financial system and communication skills / _cby Vipan B Kumar |
||
| 260 |
_aNew Delhi _bHimalaya Publishing House _c2009 |
||
| 270 |
_aPooja Apartments 4-B Murari Lal Street Sansari Road Darya Ganj New Delhi _bNew Delhi _e110002 |
||
| 300 |
_a266p _c25cm(pbk) |
||
| 942 |
_2ddc _cEN _h336.54 _mVIP |
||
| 999 |
_c42816 _d42816 |
||